Managing services marketing (Record no. 50218)

MARC details
000 -LEADER
fixed length control field 00665nam a2200193 a 4500
008 - FIXED-LENGTH DATA ELEMENTS--GENERAL INFORMATION
fixed length control field 120416s1995 ||||||||||||||||| || u
020 ## - INTERNATIONAL STANDARD BOOK NUMBER
International Standard Book Number 0030154723
050 ## - LIBRARY OF CONGRESS CALL NUMBER
Classification number HF 5415.13 Bat
100 ## - MAIN ENTRY--PERSONAL NAME
Personal name Bateson, John E. G
245 10 - TITLE STATEMENT
Title Managing services marketing
246 ## - VARYING FORM OF TITLE
Title proper/short title text and readings
250 ## - EDITION STATEMENT
Edition statement 3rd ed.
260 ## - PUBLICATION, DISTRIBUTION, ETC.
Place of publication, distribution, etc. New York
Name of publisher, distributor, etc. Dryden
Date of publication, distribution, etc. 1995
300 ## - PHYSICAL DESCRIPTION
Extent xvii, 680p. : ill.
350 ## - PRICE (NR) (BK AM CF MU VM SE) [OBSOLETE]
Price 0.00
650 ## - SUBJECT ADDED ENTRY--TOPICAL TERM
Topical term or geographic name entry element SERVICE INDUSTRIES--MARKETING--MANAGEMENT
650 #0 - SUBJECT ADDED ENTRY--TOPICAL TERM
Topical term or geographic name entry element MARKETING--MANAGEMENT--CASE STUDIES
995 ## - RECOMMENDATION 995 [LOCAL, UNIMARC FRANCE]
-- 0.00
-- CBU-MAIN LIBRARY (Kitwe)
-- 1
-- 20.50
-- 1
-- DAMAGED
-- Main Library Open Access Collection
Holdings
Withdrawn status Lost status Source of classification or shelving scheme Damaged status Not for loan Home library Current library Shelving location Date acquired Total Checkouts Full call number Barcode Date last seen Price effective from Koha item type
          CBU-MAIN LIBRARY, KITWE. CBU-MAIN LIBRARY, KITWE.   11/30/2022   HF 5415.13 Bat 000061 11/30/2022 11/30/2022 MONOGRAPH